000 00844nam a2200217 a 4500
008 100118s2009 ||||||||||||||||| || u
020 _a9780415772723
050 _aHD 6955 Cre
100 _aDocherty, Peter
245 1 0 _aCreating sustainable work systems: developing social sustainability. -- 2nd ed.
_cedited by Peter Docherty, Mari Kira and A. B. (Rami) Shani
250 _a2nd ed.
260 _aLondon
_bRoutledge
_c2009
300 _axxv, 296p.: ill.
350 _a0.00
650 _aSUSTAINABLE DEVELOPMENT--ARAB REGION
650 0 _aAFRICA--ECONOMIC CONDITIONS
650 0 _aQUALITY OF WORK LIFE
700 _aKira, Mari
700 _aShani, (Rami) A. B
995 _D0.00
_FCBU-MAIN LIBRARY (Kitwe)
_H1
_I0.00
_M1
_UAVAILABLE
_WMar 18, 2010
_ZMain Library Open Access Collection
999 _c39134
_d39134